| Tag |
First Indicator |
Second Indicator |
Subfields |
| LEADER |
00000cam a2200000Ia 4500 |
| 001 |
in00002575644 |
| 005 |
20151201120017.0 |
| 008 |
090518s2009 enka b 001 0 eng d |
| 015 |
|
|
|a GBA9C6507
|2 bnb
|
| 016 |
7 |
|
|a 015405224
|2 Uk
|
| 020 |
|
|
|a 9780335234202 (hbk.)
|
| 020 |
|
|
|a 0335234208 (hbk.)
|
| 020 |
|
|
|a 9780335234219 (pbk.)
|
| 020 |
|
|
|a 0335234216 (pbk.)
|
| 029 |
1 |
|
|a BWK
|b L3827579
|
| 029 |
1 |
|
|a BWK
|b L5827578
|
| 029 |
1 |
|
|a AU@
|b 000044670055
|
| 029 |
1 |
|
|a CDX
|b 9571511
|
| 029 |
1 |
|
|a NLGGC
|b 321412842
|
| 035 |
|
|
|a (OCoLC)ocn326678562
|
| 035 |
|
|
|a (OCoLC)326678562
|
| 040 |
|
|
|a BTCTA
|c BTCTA
|d EUN
|d SINIE
|d BWK
|d YDXCP
|d TJC
|d UKM
|d BWX
|d CDX
|d NLGGC
|d UtOrBLW
|
| 049 |
|
|
|a TXAM
|
| 050 |
|
4 |
|a LB1060
|b .G435 2009
|
| 082 |
0 |
|
|a 370.15
|
| 084 |
|
|
|a 77.50
|2 bcl
|
| 084 |
|
|
|a 77.34
|2 bcl
|
| 100 |
1 |
|
|a Geake, John G.
|
| 245 |
1 |
4 |
|a The brain at school :
|b educational neuroscience in the classroom /
|c John G. Geake.
|
| 264 |
|
1 |
|a Maidenhead, England ;
|a New York :
|b McGraw Hill/Open University Press,
|c 2009.
|
| 300 |
|
|
|a x, 229 pages :
|b illustrations ;
|c 23 cm.
|
| 336 |
|
|
|a text
|b txt
|2 rdacontent
|
| 337 |
|
|
|a unmediated
|b n
|2 rdamedia
|
| 338 |
|
|
|a volume
|b nc
|2 rdacarrier
|
| 504 |
|
|
|a Includes bibliographical references (pages 197-215) and index.
|
| 650 |
|
0 |
|a Educational psychology.
|
| 650 |
|
0 |
|a Learning, Psychology of.
|
| 650 |
|
0 |
|a Cognitive neuroscience.
|
| 650 |
|
0 |
|a Learning
|x Physiological aspects.
|
| 650 |
1 |
7 |
|a Neurowetenschappen.
|2 gtt
|
| 650 |
1 |
7 |
|a Onderwijs.
|2 gtt
|
| 938 |
|
|
|a Baker and Taylor
|b BTCP
|n BK0008379433
|
| 938 |
|
|
|a Blackwell Book Service UK
|b BBUK
|n L5827578
|c 60.00
|
| 938 |
|
|
|a YBP Library Services
|b YANK
|n 3066508
|
| 938 |
|
|
|a Blackwell Book Service
|b BBUS
|n R5822879
|c $43.95
|
| 938 |
|
|
|a Coutts Information Services
|b COUT
|n 9571511
|
| 945 |
|
|
|a PromptCat
|b 957978
|
| 946 |
|
|
|a stk
|
| 947 |
|
|
|a A14840280207
|
| 994 |
|
|
|a 92
|b TXA
|
| 948 |
|
|
|a Cataloged
|b h
|c 2010/4/22
|d c
|e ibarton
|
| 999 |
|
|
|a MARS
|
| 999 |
f |
f |
|s c26d1552-ca28-353f-839a-dad3cd0f2e04
|i 68f51582-9a85-385e-81ba-165eb9d4e040
|t 0
|
| 952 |
f |
f |
|p normal
|a Texas A&M University
|b College Station
|c Sterling C. Evans Library
|d Evans: Library Stacks
|t 0
|e LB1060 .G435 2009
|h Library of Congress classification
|i unmediated -- volume
|m A14840280207
|
| 998 |
f |
f |
|a LB1060 .G435 2009
|t 0
|l Evans: Library Stacks
|